Jogadores brasileiros que fizeram gols na Copa do Mundo de 2002 - Statistics

Estatísticas Gerais
  • Esse quiz foi jogado 366 vezes
  • A pontuação média é 5 de 6
Estatísticas das Respostas
Nº de Gols Seleções contra as quais marcou Resposta % Correto
8 Turquia, China, Costa Rica, Bélgica e Alemanha Ronaldo
100%
2 China, Inglaterra Ronaldinho
97%
5 Turquia, China, Costa Rica, Bélgica, Inglaterra Rivaldo
92%
1 China Roberto Carlos
80%
1 Costa Rica Edmilson
59%
1 Costa Rica Júnior
37%
Nenhum quiz correspondente encontrado
Distribuição das Pontuações
Porcentagem de Pessoas com Cada Pontuação
Percentil de Números Respondidos
Sua Pontuação Histórica
Você não jogou esse quiz